Guess the Fusion Rock Song Lyrics #324 - Statistics

General Stats
  • This quiz has been taken 10 times
  • The average score is 264 of 403
Answer Stats
Answer % Correct
a
89%
hear
89%
I
89%
it
89%
it's
89%
me
89%
my
89%
So
89%
the
89%
to
89%
To
89%
you
89%
your
89%
And
78%
Can
78%
can
78%
days
78%
feel
78%
If
78%
in
78%
I've
78%
just
78%
of
78%
oh
78%
yeah
78%
can't
67%
feeling
67%
from
67%
Grand, Funk
67%
home
67%
I'm
67%
live
67%
Or
67%
please
67%
Take
67%
take
67%
this
67%
without
67%
about
56%
all
56%
am
56%
Am
56%
are
56%
away
56%
back
56%
been
56%
captain
56%
don't
56%
hand
56%
now
56%
ship
56%
will
56%
alone
44%
around
44%
closer
44%
dreaming
44%
Everybody
44%
listen
44%
mighty
44%
Mother
44%
return
44%
sick
44%
think
44%
Though
44%
birth
33%
boat
33%
Earth
33%
getting
33%
Heaven
33%
heaven
33%
help
33%
seen
33%
since
33%
better
22%
kiss
22%
months
22%
port
22%
really
22%
scheming
22%
stranger
22%
throat
22%
tightening
22%
uncounted
22%
You'd
22%
cabin
11%
lost
11%
Alright
0%
No matching quizzes found
Score Distribution
Percent of People with Each Score
Percentile by Number Answered
Your Score History
You have not taken this quiz